000 00776nam a2200253 i 4500
001 17036
003 ES-MaACL
005 20250929063049.0
007 t|
008 001215s2000 sp ||||1| spa d
020 _a84-339-0547-3
080 _a654.197:316.774
100 1 _aBourdieu, Pierre,
_d1930-2002
_930964
245 1 0 _aSobre la televisión /
_cPierre Bourdieu ; traducción de Thomas Kauf.
250 _a3ª ed.
260 _aBarcelona :
_bAnagrama,
_c2000.
300 _a138 p. ;
_c20 cm.
490 1 _aColección Argumentos ;
_v197
650 1 4 _aTelevisión-
_xAspectos sociales.
_917439
700 1 _aKauf, Thomas.
_967639
830 0 _aColección Argumentos ;
_v197
_9178071
852 _aES-MaACL
_jL-24024
_bR.129113
999 _c17036
_d17036